| 000 | nam a22 7a 4500 | ||
|---|---|---|---|
| 999 |
_c329247 _d329247 |
||
| 003 | ASAB | ||
| 005 | 20170428135444.0 | ||
| 008 | 170428b xxu||||| |||| 00| 0 eng d | ||
| 020 | _a978-81-7132-494-1 | ||
| 040 | _cASAB | ||
| 082 | _a615.5 | ||
| 245 |
_aBiotechnology in plant improvement _cby P.C. Trevedi |
||
| 260 |
_aJaipur. _bPointer Publishers _c2007 |
||
| 300 | _a342 P | ||
| 942 |
_2ddc _cBK |
||